[Event "AUTO-OPEN-580"]
[Site "http://www.queenalice.com/game.php?id=177704"]
[Date "2007.3.6"]
[Round "1"]
[White "Schox"]
[Black "DjChess"]
[Result "0-1"]
[WhiteElo "1576"]
[BlackElo "1574"]

1. e4 e5 2. Nf3 Nc6 3. Bb5 d6 4. d4 a6 5. Bxc6+ bxc6 6. d5 Bb7 7. Nc3 Nf6 8. Bg5
Be7 9. O-O cxd5 10. Nxd5 Nxd5 11. exd5 Bxg5 12. a4 O-O 13. c4 c6 14. dxc6 Bxc6
15. b3 f5 16. b4 e4 17. Nd4 Bd7 18. b5 Bf6 19. Rc1 axb5 20. cxb5 Bxd4 21. Qxd4
Be6 22. Rfd1 d5 23. Qe5 Rxa4 24. Qxe6+ Kh8 0-1

[Event "AUTO-OPEN-580"]
[Site "http://www.queenalice.com/game.php?id=177705"]
[Date "2007.3.6"]
[Round "1"]
[White "DjChess"]
[Black "Schox"]
[Result "1-0"]
[WhiteElo "1535"]
[BlackElo "1596"]

1. d4 d5 2. c4 Nf6 3. Nc3 dxc4 4. e4 Nc6 5. Bxc4 Nxd4 6. Nf3 Nc6 7. O-O Qxd1 8.
Rxd1 e5 9. Bg5 Be7 10. Rd2 O-O 11. Rad1 h6 12. Bxf6 Bxf6 13. Nd5 Be6 14. Nxf6+
gxf6 15. Bxe6 fxe6 16. a3 b5 17. Nh4 Kg7 18. Rd7+ Rf7 19. Rxf7+ Kxf7 20. Rd7+
Ne7 21. Rxc7 a6 22. b4 a5 23. g3 1-0

[Event "AUTO-OPEN-595"]
[Site "http://www.queenalice.com/game.php?id=185262"]
[Date "2007.3.20"]
[Round "1"]
[White "Schox"]
[Black "Lightningzap007"]
[Result "0-1"]
[WhiteElo "1502"]
[BlackElo "1724"]

1. e4 c5 2. Nf3 Nc6 3. Nc3 d6 4. Bb5 Bd7 5. O-O g6 6. d4 cxd4 7. Nxd4 Bg7 8.
Bxc6 bxc6 9. Be3 Nf6 10. b3 a6 0-1

[Event "AUTO-OPEN-595"]
[Site "http://www.queenalice.com/game.php?id=185263"]
[Date "2007.3.20"]
[Round "1"]
[White "Lightningzap007"]
[Black "Schox"]
[Result "1-0"]
[WhiteElo "1797"]
[BlackElo "1515"]

1. e4 e5 2. d4 exd4 3. Nf3 c5 4. c3 dxc3 5. Nxc3 d6 6. Bc4 h6 7. e5 Nc6 8. O-O
dxe5 9. Qxd8+ Nxd8 10. Nxe5 Bd6 11. Re1 1-0

[Event "AUTO-OPEN-595"]
[Site "http://www.queenalice.com/game.php?id=185264"]
[Date "2007.3.20"]
[Round "1"]
[White "Schox"]
[Black "Craic"]
[Result "1-0"]
[WhiteElo "1560"]
[BlackElo "1432"]

1. e4 e5 2. Nf3 Nc6 3. d4 Qe7 4. Bg5 h6 5. Bxe7 Bxe7 6. Nxe5 f6 7. Ng6 Rh7 8.
Bc4 Bb4+ 9. Nc3 Bxc3+ 10. bxc3 Nge7 11. Qh5 d6 12. Nf8+ Kxf8 13. Qf7# 1-0

[Event "AUTO-OPEN-595"]
[Site "http://www.queenalice.com/game.php?id=185265"]
[Date "2007.3.20"]
[Round "1"]
[White "Craic"]
[Black "Schox"]
[Result "0-1"]
[WhiteElo "1400"]
[BlackElo "1597"]

1. e4 e5 2. Nc3 Nf6 3. Nf3 Nc6 4. Bb5 d6 5. Bxc6+ bxc6 6. O-O c5 7. b3 g6 8. d3
Bg4 9. Bg5 Bg7 10. Nd5 O-O 11. h3 c6 12. Nxf6+ Bxf6 13. h4 Bxg5 14. hxg5 d5 15.
c4 f6 16. gxf6 Rxf6 17. Qe2 Qf8 18. a4 Bxf3 19. Qe3 d4 20. Qg5 Be2 21. Rfe1 Bxd3
22. Qxe5 Rxf2 23. Qe6+ Qf7 24. Qxf7+ Rxf7 25. e5 Rb8 26. Ra3 Bc2 27. Ra2 Bxb3
28. Rb2 a5 29. e6 Re7 30. Rf2 Bxc4 31. Rc2 Rb4 0-1

[Event "AUTO-OPEN-595"]
[Site "http://www.queenalice.com/game.php?id=185266"]
[Date "2007.3.20"]
[Round "1"]
[White "Schox"]
[Black "mafbueno"]
[Result "0-1"]
[WhiteElo "1607"]
[BlackElo "1762"]

1. e4 d5 2. exd5 Qxd5 3. Nc3 Qd8 4. d4 Nf6 5. Nf3 Bg4 6. Be2 g6 7. O-O Bg7 8.
Bg5 O-O 9. h3 Bd7 10. a4 h6 11. Bxf6 Bxf6 12. Ne4 Bg7 13. Ne5 Bxe5 14. dxe5 c6
15. Nc5 Qc7 16. Ra3 Bf5 17. Rb3 b6 18. Nd3 Bxd3 19. Bxd3 Qxe5 20. Re1 Qf6 21.
Qd2 Nd7 22. Rc3 Nc5 23. b3 Rad8 24. Re2 Nxd3 25. Rxd3 Rxd3 26. Qxd3 a5 27. Qa6
c5 28. Qb7 Re8 29. Re4 Kf8 0-1

[Event "AUTO-OPEN-595"]
[Site "http://www.queenalice.com/game.php?id=185267"]
[Date "2007.3.20"]
[Round "1"]
[White "mafbueno"]
[Black "Schox"]
[Result "1-0"]
[WhiteElo "1862"]
[BlackElo "1523"]

1. b3 e5 2. Bb2 Nc6 3. e3 Nf6 4. Bb5 d6 5. Nc3 a6 6. Be2 g6 7. d3 Bg7 8. Nf3 O-O
9. e4 Kh8 10. O-O Ng8 11. Nd5 Nd4 12. Ne3 Nxf3+ 13. Bxf3 Bh6 14. d4 f6 15. dxe5
fxe5 16. g3 Bxe3 17. fxe3 Nh6 18. Kg2 Bg4 19. h3 Bd7 20. Qe2 Bb5 21. c4 Bd7 22.
Kh2 c5 23. Rad1 Nf7 24. Bg4 Bc6 25. Bf3 Ng5 26. Bxe5+ Kg8 27. Bxd6 Nxf3+ 28.
Rxf3 Rxf3 29. Qxf3 b5 30. Bxc5 Qg5 31. Bd6 1-0

[Event "AUTO-INT-389"]
[Site "http://www.queenalice.com/game.php?id=185541"]
[Date "2007.3.21"]
[Round "1"]
[White "alexquine"]
[Black "Schox"]
[Result "1-0"]
[WhiteElo "2016"]
[BlackElo "1607"]

1. e4 e5 2. Nf3 Nc6 3. Bb5 d6 4. O-O a6 5. Ba4 b5 6. Bb3 h6 7. c3 Nf6 8. Re1 Be7
9. h3 O-O 10. d4 exd4 11. cxd4 Nb4 12. a3 Nc6 13. Nbd2 d5 14. e5 Ne4 15. Nxe4
dxe4 16. Rxe4 Na5 17. Ba2 c5 18. d5 Bb7 19. Bxh6 gxh6 20. Rg4+ Kh8 21. Qc1 Kh7
22. Bb1+ Kh8 23. Qxh6# 1-0

[Event "AUTO-INT-389"]
[Site "http://www.queenalice.com/game.php?id=185542"]
[Date "2007.3.21"]
[Round "1"]
[White "Schox"]
[Black "alexquine"]
[Result "0-1"]
[WhiteElo "1517"]
[BlackElo "2023"]

1. e4 e5 2. Nf3 Nc6 3. d4 d6 4. d5 Nce7 5. Bd3 Nf6 6. O-O Ng6 7. h3 Be7 8. Bg5
O-O 9. Nc3 h6 10. Bxf6 Bxf6 11. a4 Nf4 12. Ne2 Qd7 13. Bb5 Qe7 14. Re1 Bg5 15.
a5 f5 16. Nxg5 Qxg5 17. Nxf4 Qxf4 18. f3 Rf6 19. b4 Qg3 20. c3 fxe4 21. Rxe4
Bxh3 22. Qd2 Rg6 0-1

[Event "AUTO-INT-389"]
[Site "http://www.queenalice.com/game.php?id=185557"]
[Date "2007.3.21"]
[Round "1"]
[White "cristal_negro"]
[Black "Schox"]
[Result "1-0"]
[WhiteElo "1656"]
[BlackElo "1582"]

1. Nf3 d5 2. e3 Nc6 3. Bb5 Bd7 4. Bxc6 Bxc6 5. d4 g6 6. b3 Bg7 7. O-O Nf6 8. Ne5
Ne4 9. Nxc6 bxc6 10. Bb2 c5 11. f3 Ng5 12. Nd2 O-O 13. Rb1 Qd6 14. dxc5 Qxc5 15.
Bxg7 Kxg7 16. Re1 e5 17. Kh1 e4 18. fxe4 Rad8 19. exd5 Qxd5 20. Qe2 Qc5 21. Nc4
Ne4 22. b4 Qf5 23. Rf1 Nc3 24. Qe1 Qxc2 25. Rc1 Qxa2 26. Qxc3+ Kg8 27. Rf2 Qxf2
28. h3 c5 29. b5 Rb8 30. Ne5 Rxb5 31. Ng4 Qe2 32. Nh6# 1-0

[Event "AUTO-INT-389"]
[Site "http://www.queenalice.com/game.php?id=185558"]
[Date "2007.3.21"]
[Round "1"]
[White "Schox"]
[Black "cristal_negro"]
[Result "0-1"]
[WhiteElo "1588"]
[BlackElo "1652"]

1. e4 e5 2. Nf3 Bd6 3. Bc4 Nh6 4. d4 Ng4 5. Nxe5 Nxe5 6. dxe5 Bxe5 7. Qh5 O-O 8.
Qxe5 Nc6 9. Qg3 d6 10. Bh6 Qf6 11. Be3 Qxb2 12. O-O Qf6 13. Nd2 Nd4 14. Rac1 Be6
15. Bd3 Bxa2 16. c3 Nb3 17. Nxb3 Bxb3 18. Rb1 Qxc3 19. Rfc1 Qxd3 20. e5 dxe5 21.
Qxe5 Bc2 22. Bd4 f6 23. Qd5+ Kh8 24. Rxb7 Rad8 25. Qc5 Rf7 26. Qxc2 Qxd4 27. h3
Rc8 28. Qb3 Rff8 29. Rbxc7 Rcd8 30. Rd1 Qxd1+ 31. Qxd1 Rxd1+ 32. Kh2 Ra8 0-1

[Event "AUTO-INT-389"]
[Site "http://www.queenalice.com/game.php?id=185567"]
[Date "2007.3.21"]
[Round "1"]
[White "jumping"]
[Black "Schox"]
[Result "1-0"]
[WhiteElo "1614"]
[BlackElo "1544"]

1. e4 e5 2. Nf3 Nc6 3. d4 Nf6 4. Nc3 Bb4 5. dxe5 Bxc3+ 6. bxc3 Nxe4 7. Qd3 d5 8.
g3 Qe7 9. Bg2 Bg4 10. O-O O-O-O 11. Nd2 Qxe5 12. Nxe4 dxe4 13. Qxe4 Qxc3 14.
Qxg4+ Kb8 15. Be3 Qxc2 16. Qxg7 f5 17. Bxc6 Qxc6 18. Qf7 Rdf8 19. Qh5 b5 20.
Rfc1 Qd5 21. Rc5 Qd7 22. Rb1 a6 23. Rd1 Qe6 24. Bd4 Qd6 25. Qe2 f4 26. g4 Rhg8
27. f3 h5 28. h3 hxg4 29. hxg4 Re8 30. Qd2 1-0

[Event "AUTO-INT-389"]
[Site "http://www.queenalice.com/game.php?id=185568"]
[Date "2007.3.21"]
[Round "1"]
[White "Schox"]
[Black "jumping"]
[Result "0-1"]
[WhiteElo "1559"]
[BlackElo "1579"]

1. e4 e5 2. Nf3 Nc6 3. d4 Nf6 4. Nc3 Bb4 5. Bd3 exd4 6. a3 dxc3 7. axb4 cxb2 8.
Bxb2 Nxb4 9. Ra4 c5 10. Ba3 O-O 11. Bxb4 cxb4 12. Rxb4 Qa5 13. c3 d5 14. exd5
Nxd5 15. Qa4 Qxa4 16. Rxa4 Re8+ 17. Re4 Bd7 18. c4 Nc3 19. Rxe8+ Rxe8+ 20. Kd2
Ne4+ 21. Bxe4 Rxe4 22. Rc1 b6 23. Ng5 Rd4+ 24. Kc3 Rg4 25. Rd1 Rxg5 26. Rxd7 h5
27. g3 a5 28. Rd8+ Kh7 29. Rb8 Rg6 30. f4 Re6 31. Kd4 a4 32. Kc3 a3 33. Ra8 Re3+
0-1

[Event "Challenge"]
[Site "http://www.queenalice.com/game.php?id=195900"]
[Date "2007.4.12"]
[Round "-"]
[White "Kronista"]
[Black "Schox"]
[Result "1-0"]
[WhiteElo "1825"]
[BlackElo "1531"]

1. d4 d5 2. Nc3 Nf6 3. Bg5 h6 4. Bh4 g5 5. Bg3 Bg7 6. e3 Bg4 7. Be2 Bf5 8. Nf3
Nc6 9. h4 Nh5 10. Be5 Bxe5 11. Nxe5 Nxe5 12. Bxh5 Nc4 13. Qf3 e6 14. O-O-O Qd6
15. hxg5 1-0

[Event "Challenge"]
[Site "http://www.queenalice.com/game.php?id=195903"]
[Date "2007.4.12"]
[Round "-"]
[White "Schox"]
[Black "Kronista"]
[Result "0-1"]
[WhiteElo "1527"]
[BlackElo "1829"]

1. e4 e5 2. Nf3 Nc6 3. d4 Bb4+ 4. Nc3 exd4 5. Nxd4 Bxc3+ 6. bxc3 Qf6 7. Bc4 d6
8. O-O Bd7 9. Bb2 Qg6 10. Nxc6 Bxc6 11. Bd5 Bxd5 12. exd5 O-O-O 13. c4 Nf6 14.
a4 h5 15. Qb1 h4 0-1

[Event "Challenge"]
[Site "http://www.queenalice.com/game.php?id=203450"]
[Date "2007.4.28"]
[Round "-"]
[White "denzil"]
[Black "Schox"]
[Result "1-0"]
[WhiteElo "1810"]
[BlackElo "1521"]

1. d4 g6 2. e4 Bg7 3. Nf3 Nf6 4. Nc3 d6 5. Bb5+ Bd7 6. Qd3 O-O 7. O-O Re8 8. Bg5
c6 9. Bc4 b5 10. Bb3 a5 11. a4 bxa4 12. Bxa4 1-0